Normal view MARC view
  • ARSLAN SAIF HIRA SOHAIL M WAJIH HAIDER MUHAMMAD AHSAN KHAN

Entry Personal Name

Number of records used in: 1

001 - CONTROL NUMBER

  • control field: 96502

003 - CONTROL NUMBER IDENTIFIER

  • control field: NUST

005 - DATE AND TIME OF LATEST TRANSACTION

  • control field: 20220804103737.0

008 - FIXED-LENGTH DATA ELEMENTS

  • fixed length control field: 220804|| aca||aabn | a|a d

040 ## - CATALOGING SOURCE

  • Original cataloging agency: NUST
  • Transcribing agency: NUST

100 ## - HEADING--PERSONAL NAME

  • Personal name: ARSLAN SAIF HIRA SOHAIL M WAJIH HAIDER MUHAMMAD AHSAN KHAN

670 ## - SOURCE DATA FOUND

  • Source citation: Work cat.: (NUST): ARSLAN SAIF HIRA SOHAIL M WAJIH HAIDER MUHAMMAD AHSAN KHAN, PR-SOF-2101-Cloud Based AI Grader for Radiologists, 2022.
© 2023 Central Library, National University of Sciences and Technology. All Rights Reserved.